000 00342nam a2200145Ia 4500
008 230312s9999||||xx |||||||||||||| ||und||
020 _a1305656318
082 _a004
_bMOR-U
100 _aKelton,David,W
245 0 _aSimulation with Arena
260 _bCengage
_aChina
_c2017
300 _a565
650 _aComputer
_vComputer
942 _cBK
999 _c17889
_d17889